000 00487nam a2200193Ia 4500
008 131103s9999 xx 000 0 und d
040 _aLoreto College
041 _aEnglish
082 _aREF/ROO
_bLCBED/9740
100 _aRood, Ronald
245 _aInsects
_cRonald Rood
260 _aNew York
_bWonder Books
_c1960
300 _a48p.
_b ill.
_c 24cm.
440 _aThe how and why wonder book
650 _aScience
651 _aInsects
850 _aLCBED/REF/ROO
942 _cBK
999 _c30939
_d81418